[Event "GER-chT U14 Girls"]
[Site "Magdeburg"]
[Date "2013.12.28"]
[Round "3.4"]
[White "Walow, Xenia"]
[Black "Dinh, Vivien Havy"]
[Result "1-0"]
[WhiteElo "1352"]
[BlackElo "1140"]
[PlyCount "71"]
[EventDate "2013.12.27"]
[EventType "team-swiss"]
[EventRounds "4"]
[EventCountry "GER"]
[SourceTitle "EXT 2015"]
[Source "ChessBase"]
[SourceDate "2014.11.20"]
[SourceVersion "1"]
[SourceVersionDate "2014.11.20"]
[SourceQuality "1"]
[WhiteTeam "Paderborn"]
[BlackTeam "Berlin Empor"]
[WhiteTeamCountry "GER"]
[BlackTeamCountry "GER"]

1. d4 d5 2. Bf4 Nf6 3. Nf3 c5 4. e3 Nc6 5. c3 Qb6 6. Qc1 Bf5 7. Nbd2 e6 8. h3 h6 9. Be2 Be7 10. Ne5 Bd6 11. Nxf7 Bxf4 12. Nxh8 Bd6 13. Bh5+ Nxh5 14. g4 Bh7 15. gxh5 0-0-0 16. Nf7 Rd7 17. Nxd6+ Rxd6 18. b3 cxd4 19. cxd4 Kb8 20. Qc5 Nb4 21. Qxb6 Rxb6 22. Kd1 Rc6 23. a3 Nd3 24. Ke2 Rc2 25. Rhg1 Bf5 26. Rxg7 Nxf2 27. Kxf2 Rxd2+ 28. Ke1 Rh2 29. Rc1 Rh1+ 30. Kd2 Rh2+ 31. Kc3 Rxh3 32. Kb4 a6 33. Rcc7 Rxe3 34. Rxb7+ Kc8 35. Rbf7 Kd8 36. Rf8# 1-0

[Event "GER-chT U14 Girls"]
[Site "Magdeburg"]
[Date "2013.12.27"]
[Round "2.4"]
[White "Shvartsman, Julia"]
[Black "Dinh, Vivien Havy"]
[Result "0-1"]
[WhiteElo "911"]
[BlackElo "1140"]
[PlyCount "98"]
[EventDate "2013.12.27"]
[EventType "team-swiss"]
[EventRounds "4"]
[EventCountry "GER"]
[SourceTitle "EXT 2015"]
[Source "ChessBase"]
[SourceDate "2014.11.20"]
[SourceVersion "1"]
[SourceVersionDate "2014.11.20"]
[SourceQuality "1"]
[WhiteTeam "Graefelfing"]
[BlackTeam "Berlin Empor"]
[WhiteTeamCountry "GER"]
[BlackTeamCountry "GER"]

1. e4 e5 2. Nf3 Nc6 3. Bc4 Nf6 4. d3 Bc5 5. Nc3 d6 6. Bg5 Be6 7. Bb3 h6 8. Be3 Bb6 9. Qd2 Bg4 10. h3 Bxf3 11. gxf3 Qd7 12. h4 Nd4 13. Ba4 c6 14. 0-0-0 Nxf3 15. Qe2 Nd4 16. Qd2 0-0-0 17. Ne2 Qe6 18. b3 Bc5 19. Rhf1 b5 20. Bxd4 Bxd4 21. Bxb5 cxb5 22. Qa5 Qd7 23. Qa6+ Qb7 24. Qa5 Qb6 25. Qd2 Ng4 26. Qb4 Nxf2 27. Rde1 a5 28. Qa3 b4 29. Qa4 Be3+ 30. Kb1 Bd2 31. Rc1 Bxc1 32. Nxc1 Rd7 33. h5 Rc7 34. Rg1 Qc5 35. c4 Nxd3 36. Rd1 Nxc1 37. Rxc1 g5 38. hxg6 fxg6 39. Rf1 g5 40. Rf6 g4 41. Rg6 h5 42. Rf6 g3 43. Rf1 g2 44. Re1 g1Q 45. Rxg1 Qxg1+ 46. Kc2 Rg8 47. Kd3 Rg3+ 48. Ke2 Qh2+ 49. Kf1 Rg1# 0-1

[Event "North Germany-chT U14 Girls"]
[Site "Guestrow"]
[Date "2013.09.14"]
[Round "3.4"]
[White "Janke, Luisa"]
[Black "Dinh, Vivien Havy"]
[Result "1-0"]
[WhiteElo "1393"]
[BlackElo "917"]
[PlyCount "125"]
[EventDate "2013.09.13"]
[EventType "team-swiss"]
[EventRounds "5"]
[EventCountry "GER"]
[SourceTitle "EXT 2017"]
[Source "ChessBase"]
[SourceDate "2016.10.25"]
[SourceVersion "1"]
[SourceVersionDate "2016.10.25"]
[SourceQuality "1"]
[WhiteTeam "Harksheide"]
[BlackTeam "Berlin Empor"]
[WhiteTeamCountry "GER"]
[BlackTeamCountry "GER"]

1. d4 d5 2. Bf4 Bf5 3. c3 e6 4. Qb3 Qc8 5. e3 Nd7 6. Nf3 Ngf6 7. Nbd2 Bd6 8. Bxd6 cxd6 9. Bb5 0-0 10. 0-0 a6 11. Bxd7 Qxd7 12. c4 Ne4 13. cxd5 exd5 14. Qxd5 Nxd2 15. Nxd2 Be6 16. Qe4 d5 17. Qh4 Rac8 18. Rac1 h6 19. Nb3 Qa4 20. Ra1 Qc4 21. Rfc1 Qe2 22. h3 Qxb2 23. Qe7 b6 24. Qb7 Rxc1+ 25. Rxc1 Qxa2 26. Qxb6 Rc8 27. Rxc8+ Bxc8 28. Qd8+ Kh7 29. Qxc8 Qxb3 30. Qxa6 Qd1+ 31. Qf1 Qxf1+ 32. Kxf1 Kg6 33. Ke2 Kf5 34. f3 g5 35. g4+ Kf6 36. Kd3 Ke6 37. e4 f6 38. Kc3 Kd6 39. Kb4 dxe4 40. fxe4 Ke6 41. Kc4 Kd6 42. Kb5 Ke6 43. Kc6 Ke7 44. Kc7 Ke6 45. d5+ Ke5 46. d6 Kxe4 47. d7 f5 48. gxf5 Kxf5 49. d8Q Kf4 50. Qd4+ Kg3 51. Qg4+ Kf2 52. Qh5 Kg3 53. Qxh6 g4 54. hxg4 Kxg4 55. Qf6 Kg3 56. Kd6 Kg4 57. Ke5 Kg3 58. Ke4 Kg4 59. Qf4+ Kh5 60. Qg3 Kh6 61. Kf5 Kh7 62. Kf6 Kh8 63. Qg7# 1-0